00792cam a22002531 4500001000800000005001700008008004100025010001700066015001500083035001800098040003100116041000800147050001500155080002000170082001200190100003000202245003500232264005700267300002300324504003200347650005500379653007800434653002600512847088120200813120254.0721027s1966 mnu b 000 0 eng  a 66018867  aGB67-10757 a(OCoLC)478712 aDLCcODaWUdOCoLCdUkdDLC aeng00aF291b.C66 a94(479.22) C-74 a975.8041 aConway, Alan,d1920-2003.14aThe reconstruction of Georgia. aMinneapolis,bUniversity of Minnesota Pressc[1966]. avi, 248 p.c24 cm. aBibliography: p. [233]-237. 0aReconstruction (U.S. history, 1865-1877)zGeorgia. aსაქართველოს რეკონსტრუქცია aისტორია